000 00670nam a22002417a 4500
003 UA-OsUOA
001 56333
007 ta
008 20081016b un ||||| |||| 00| 0 ukr d
100 _aШатилов М.
090 _a82-92
_bШ28
942 _cBK
040 _aUA-OsUOA
_bukr
_cUA-OsUOA
_dUA-OsUOA
245 _aСпадок спинених годинників
_bКнижка есеїв і статей
300 _a199 с.
955 _a2
041 _aukr
080 _a82-92
020 _a978-966-8439-07-0
260 _aК.
_bВсесвіт
_c2007
650 7 _a82 Література. Літературознавство
_2UDC
999 _c342421
_d342421